| 000 | 00641nam a2200181 a 4500 | ||
|---|---|---|---|
| 005 | 20220820063437.0 | ||
| 008 | 991125n1991 mx 000 0 spa u | ||
| 035 | _aUPN01000047886 | ||
| 049 | _aSEP | ||
| 050 | 4 |
_aL227 D311 _bB267 |
|
| 245 | 0 | 0 |
_aPrograma recreativo / _cSubsecretaría de Educación Elemental ; responsable Lourdes O. Rodríguez Andión. |
| 260 |
_aMéxico : _bSEP, Subsecretaría de Educación Elemental, _c1991. |
||
| 300 | _a96 p. | ||
| 650 | 7 |
_aActividades recreativas _2 _9147 |
|
| 700 | 1 |
_aRodríguez Andión, Lourdes O., _ecoord. _929609 |
|
| 710 | 2 |
_aMéxico. _bSubsecretaría de Educación Elemental |
|
| 905 | _aLibro | ||
| 999 |
_c47886 _d47886 |
||